000 00640nam a2200301Ia 4500
005 20260401122144.0
008 008 250103s9999 xx 000 0 eng d
020 _a140120491
037 _aTB
040 _aEDL
040 _beng
040 _cEDL
041 _2eng
041 _aeng
084 _aIn823.3 THA
084 _qEDL
100 _aTharoor, Shashi
245 0 _aGreat Indian Novel
245 0 _cTharoor, Shashi
260 _aNew Delhi
260 _bPenguin Books
260 _c1989
300 _a423p
942 _cTB
942 _hIn823.3 THA
999 _c1845311
_d1845311